000 00515nam a2200181Ia 4500
003 GCL
008 140319s9999 xx 000 0 eng d
040 _aGCL /
_cGCL
082 0 4 _a361.32
_bR S
100 1 _aREAMES, FREDERIC G
245 1 0 _aSOIAL WORK VALUES AND ETHICS /
_cREAMES, FREDERIC G
260 _a[S.N] :
_bCOLUMBIA UNIVERSITY PRESS ،
_c1995
300 _a217P
650 0 4 _aSOCIAL SERVICES
650 0 4 _aSOCIAL SERVICE MORAL AND ETHICS
650 0 4 _aSOCIAL WORKER - PROFESSIONAL
942 _2ddc
_cBK
999 _c11114
_d11114